| 000 | 00469nam a2200181Ia 4500 | ||
|---|---|---|---|
| 001 | 19202 | ||
| 005 | 20260306171727.0 | ||
| 008 | 260306s9999||||xx |||||||||||||| ||und|| | ||
| 041 | _aESP | ||
| 082 |
_a658.8 _bZ61 |
||
| 100 |
_aZeithaml, Valarie A. _eAUT |
||
| 245 | 0 |
_aServices marketing: _bintegrating customer focus across the firm |
|
| 260 | _c2018 | ||
| 300 |
_axxviii, 514 páginas : _c26 cm. |
||
| 650 | _aGEN | ||
| 654 | _aCAN | ||
| 942 |
_cLIB _dJUS _fJUS _2ddc _n |
||
| 999 |
_c19202 _d19202 |
||